000 00540nam a2200133Ia 4500
008 220620s9999||||xx |||||||||||||| ||und||
022 _a26316196
100 _aAlfredo Iranzo
245 0 _aHeat and Mass Transfer - Advances in Science and Technology Applications
546 _aEnglish[eng]
650 _aThermodynamics||Physical Sciences||Engineering and Technology||Materials Science||Metals and Nonmetals
856 _uhttps://www.intechopen.com/books/heat-and-mass-transfer-advances-in-science-and-technology-applications
942 _cEB
999 _c21416
_d21416